| 000 | 01100nam a2200301 a 4500 | ||
|---|---|---|---|
| 001 | BRL_1620 | ||
| 005 | 20190320211306.0 | ||
| 008 | 140414s1992----u--abo####---#000-0#eng-# | ||
| 020 | _a0520062345 | ||
| 041 | _aeng | ||
| 044 | _au | ||
| 050 | 4 |
_aF1219.56.C625 _b.C64 1992 |
|
| 245 | 1 | 0 |
_aThe Codex Mendoza _cby Frances F. Berdan and Patricia Rieff Anawalt. |
| 260 |
_aBerkeley _bUniversity of California _c1992 |
||
| 300 |
_a4 v. _bil., mapas (blanco y negro) _c36 cm. |
||
| 500 | _av.1 Au391, v.2 Au19, v.3 Au32, v.4 Au33 | ||
| 504 | _aBibliografía: v.2, p. 239-255 | ||
| 505 | 0 | _aContenido: v.1 Interpretation, appendices.- v.2 Description, Bibliography, Index.- v.3 Facsimile.- v.4 Parallel images, Translation. | |
| 650 | 1 | 4 |
_aCódice Mendozino _927459 |
| 650 | 1 | 4 |
_aAztecas _xReyes y soberanos _927460 |
| 650 | 1 | 4 |
_aAztecas _xImpuestos _927461 |
| 650 | 1 | 4 |
_aAztecas _xVida social y costumbre _927462 |
| 650 | 1 | 4 |
_aManuscritos náhuatl _xFacsímiles _927463 |
| 700 | 1 |
_aBerdan, Frances F. _925832 |
|
| 700 | 1 |
_aAnawalt, Patricia Rieff _d1924- _926371 |
|
| 902 | _aGRL | ||
| 942 |
_2lcc _cB |
||
| 999 |
_c10429 _d10429 |
||